| 000 | 00666nam a2200205Ia 4500 | ||
|---|---|---|---|
| 005 | 20250508152359.0 | ||
| 008 | 008 250505s9999 xx 000 0 eng d | ||
| 037 | _aTextual | ||
| 040 |
_aFEDL _beng _cFEDL |
||
| 041 |
_aeng _2eng |
||
| 084 |
_a371.21, NCE _qFEDL |
||
| 100 |
_aMehrotra R N _943119 |
||
| 245 | 0 | _aValidity of a battery of selection tests for admission to the B. Ed. Course at the C.I.E. : A summary of the study | |
| 260 |
_aDelhi, India _bCentral Institute of Education _c1959 |
||
| 300 | _a30p. | ||
| 546 | _aPublication number 30 | ||
| 650 |
_aAdmission _9465552 |
||
| 942 |
_cTEXL _h371.21, NCE |
||
| 999 |
_c1336058 _d1336058 |
||